000 00834nam a22003017a 4500
001 BR9000514
003 BR-BrBNA
005 20230928093346.0
007 ta
008 230509b bl.||||| |||| 00| 0 por d
040 _aBR-BrBNA
_bpor
_cBiblioteca Nacional de Agricultura
041 _a(Por)
072 _aF01; L02; L01
_b/G514
090 _ F01 BR9000514
110 1 _aAssociacao dos Engenheiros Agronomos do Estado de Sao Paulo, Sao Paulo (Brasil)
_9597
245 1 _aAnais do 5. Encontro Novo Mundo
260 3 _aSao Paulo, SP (Brasil):
_c1972.
300 _a120 p.
650 _aPASTAGEM
650 _aPRODUCAO VEGETAL
650 _aDOENCA DE PLANTA
650 _aNUTRICAO ANIMAL
650 _aBOVINO
650 _aADUBACAO
650 _aPRODUCAO ANIMAL
909 _a202309
_bLucia
_c55
_dLucia Elande
942 _cBK
999 _c44524
_d44524